The Aubrey-Maturin Series - Statistics

General Stats
  • This quiz has been taken 6 times
  • The average score is 16 of 20
Answer Stats
Hint Answer % Correct
1999 Blue at the Mizzen
100%
1978 Desolation Island
100%
1973 HMS Surprise
100%
1969 Master and Commander
100%
1972 Post Captain
100%
1995 The Commodore
100%
1984 The Far Side of the World
100%
1998 The Hundred Days
100%
1977 The Mauritius Command
100%
1980 The Surgeon's Mate
100%
1993 The Wine-Dark Sea
100%
1992 Clarissa Oakes
75%
1986 The Reverse of the Medal
75%
1989 The Thirteen-Gun Salute
75%
1996 The Yellow Admiral
75%
1979 The Fortune of War
50%
1981 The Ionian Mission
50%
1983 Treason's Harbour
50%
1991 The Nutmeg of Consolidation
25%
1988 The Letter of the Marque
0%
No matching quizzes found
Score Distribution
Percent of People with Each Score
Percentile by Number Answered
Your Score History
You have not taken this quiz